Government in Canada. (Record no. 182621)
[ view plain ]
| 000 -LEADER | |
|---|---|
| fixed length control field | 00630cam4a220021700 4500 |
| 001 - CONTROL NUMBER | |
| control field | tmp15302795 |
| 003 - CONTROL NUMBER IDENTIFIER | |
| control field | UPRA |
| 005 - DATE AND TIME OF LATEST TRANSACTION | |
| control field | 20190830101943.0 |
| 008 - FIXED-LENGTH DATA ELEMENTS--GENERAL INFORMATION | |
| fixed length control field | 950728s1964 onc eng u |
| 035 ## - SYSTEM CONTROL NUMBER | |
| System control number | (Sirsi) r109895 |
| 035 ## - SYSTEM CONTROL NUMBER | |
| System control number | (UPRA)tmp15302795 |
| 040 ## - CATALOGING SOURCE | |
| Transcribing agency | UPRA |
| 100 1# - MAIN ENTRY--PERSONAL NAME | |
| Personal name | Ward, Norman. |
| Linkage | A39319.1 |
| 245 10 - TITLE STATEMENT | |
| Title | Government in Canada. |
| 250 ## - EDITION STATEMENT | |
| Edition statement | 2nd ed. |
| 260 ## - PUBLICATION, DISTRIBUTION, ETC. | |
| Place of publication, distribution, etc. | Toronto : |
| Name of publisher, distributor, etc. | W.J. Gage, |
| Date of publication, distribution, etc. | [1964] |
| 504 ## - BIBLIOGRAPHY, ETC. NOTE | |
| Bibliography, etc. note | Bibliography: p. 315-317. |
| 651 #0 - SUBJECT ADDED ENTRY--GEOGRAPHIC NAME | |
| Geographic name | Canada -- Politics and government. |
| General subdivision | Canada -- Politics and government. |
| Linkage | S31994.1 |
| 949 ## - LOCAL PROCESSING INFORMATION (OCLC) | |
| a | JL28 |
| w | lcc |
| i | -156836 |
| m | MAIN |
| t | BOOK |
| l | ON-SHELF |
No items available.